| 000 | 00969atm a2200349 4500 | ||
|---|---|---|---|
| 005 | 20220905112255.0 | ||
| 008 | 150511b xxu||||| |||| 00| 0 spa d | ||
| 041 | _aspa | ||
| 082 | _a617.695 M133m4 | ||
| 100 |
_aMacchi, Ricardo Luis _918076 |
||
| 245 | _aMateriales dentales | ||
| 250 | _a4 edición | ||
| 260 |
_aArgentina _bMédica Panamericana _c2007 |
||
| 300 | _a420 páginas | ||
| 650 |
_aMATERIALES DENTALES _93183 |
||
| 650 |
_aRESTAURACIONES PLÁSTICAS _937928 |
||
| 650 |
_aIMPRESIONES _98795 |
||
| 650 |
_aMODELOS _92682 |
||
| 650 |
_aCORONAS Y PUENTES _937929 |
||
| 650 |
_aALGINATOS _918293 |
||
| 650 |
_aINCRUSTACIONES _99752 |
||
| 650 |
_aCERÓMEROS _93811 |
||
| 650 |
_aAMALGAMA _918074 |
||
| 650 |
_aYESO _918289 |
||
| 650 |
_aELASTÓMEROS _910915 |
||
| 650 |
_aPORCELANA _93759 |
||
| 650 |
_aENDODONCIA _9336 |
||
| 650 |
_aORTODONCIA _9335 |
||
| 650 |
_aIMPLANTOLOGÍA _911087 |
||
| 650 |
_aCUBETAS INDIVIDUALES _940802 |
||
| 942 | _cBK | ||
| 999 |
_c5342 _d5342 |
||